The Legend of Zelda : Breath of the Wild - Locations by pictures - Statistics

General Stats
  • This quiz has been taken 71 times
    62 since last reset
  • The average score is 22 of 42
Answer Stats
Picture Answer % Correct
Temple of Time
95%
The Great Plateau
95%
Hateno Village
85%
Zora's Domain
82%
Kakariko Village
79%
Link's House
77%
Death Mountain
74%
Dueling Peaks
74%
Lurelin Village
74%
Rito Village
74%
Goron City
72%
Vah'Ruta
72%
The Lost Woods
69%
Shrine of Resurrection
64%
Tarrey Town
64%
Vah'Rudania
64%
Hyrule Castle
62%
Gerudo Town
59%
Hateno Ancient Tech Lab
56%
Spring of Power
56%
Korok Forest
54%
Mount Lanayru / Spring of Wisdom
54%
Spring of courage
54%
Fort Hateno
51%
Vah'Medoh
51%
Akkala Ancient Tech Lab
49%
Eventide Island
49%
Zelda's Study
46%
Vah'Naboris
44%
Yiga Clan Hideout
44%
Kara Kara Bazaar
36%
Satori Mountain
33%
Sanctum / Throne Room
31%
Coliseum Ruins
26%
Zonai Ruins
23%
Tabantha Great Bridge
21%
Typhlo Ruins
21%
Abandonned North Mine
15%
Ranch Ruins
15%
Hebra Peak
10%
Malanya Spring / Horse Fairy
10%
Sacred Ground Ruins
8%
No matching quizzes found
Score Distribution
Percent of People with Each Score
Percentile by Number Answered
Your Score History
You have not taken this quiz since the last reset